League of Legends - Demacia - Statystyki

Ogólne statystyki
  • Ten quiz został rozwiązany 1 555 razy
  • Średni wynik to 8 z 15
Statystyki odpowiedzi
Odpowiedź % Poprawnych
Garen
100%
Lux
95%
Jarvan IV
72%
Sylas
72%
Galio
70%
Fiora
52%
Kayle
50%
Xin Zhao
49%
Vayne
43%
Shyvana
42%
Poppy
41%
Morgana
40%
Quinn
37%
Lucian
35%
Sona
23%
Nie znaleziono quizów pasujących do podanych kryteriów
Rozkład punktacji
Procent ludzi z każdym wynikiem
Percentyl według liczby udzielonych odpowiedzi
Twoja historia wyników
Nie rozwiązałeś tego quizu